000
00336nam a2200133Ia 4500
008
240624s9999 xx 000 0 und d
041
_a
eng
082
_a
658.406 KOT
100
_a
KOTTER JOHN P
245
_a
LEADING CHANGE
260
_c
1996
_a
Boston
_b
Harvard Business School Press
300
_a
x, , 187 , 23 , p. : cm.
365
_c
999
_c
31772
_d
31772